| 000 | 00387 a2200133 4500 | ||
|---|---|---|---|
| 001 | 92481 | ||
| 082 | _a153.94 BAR | ||
| 090 |
_c44449 _d44450 |
||
| 100 | _aBarrett Jim | ||
| 245 |
_aCareer, aptitude and selection tests; match your IQ, personality and abilities to your ideal career, 2e _bintermediate level |
||
| 250 | _a2 | ||
| 260 |
_aLondon _bKogan Page _c2006 |
||
| 300 | _a186 p. | ||
| 942 |
_aNUST-CAE _k153.94 BAR |
||
| 999 |
_c327554 _d327554 |
||